[Event "Kalamazoo September Mini-Swiss.1"]
[Site "Kalamazoo, MI"]
[Date "1999.09.18"]
[Round "3"]
[White "Miller, David"]
[Black "Griffin, John"]
[Result "1-0"]
[WhiteElo "1755"]
[BlackElo "1525"]
[PlyCount "71"]
[EventDate "1999.09.18"]

1. e4 c5 2. Nf3 Nc6 3. d4 cxd4 4. Nxd4 Nf6 5. Nc3 e5 6. Nb3 Bb4 7. Bd3 d5 8.
exd5 Bxc3+ 9. bxc3 Nxd5 10. Bb2 Be6 11. O-O O-O 12. Re1 b6 13. c4 Nf4 14. Bxe5
Nxd3 15. cxd3 Nxe5 16. Rxe5 Qf6 17. Re3 Rad8 18. Rf3 Bg4 19. Rxf6 Bxd1 20. Rf4
Rxd3 21. h3 Rfd8 22. c5 Bxb3 23. axb3 Rxb3 24. Rxa7 f6 25. c6 Rc3 26. Rc7 Rf8
27. Rd4 Re8 28. Rdd7 Re1+ 29. Kh2 Kf8 30. Rxg7 Re6 31. Rxh7 Kg8 32. Rhd7 Kf8
33. h4 Rcxc6 34. Rd8+ Re8 35. Rxe8+ Kxe8 36. Rxc6 1-0

[Event "Kalamazoo September Mini-Swiss.1"]
[Site "Kalamazoo, MI"]
[Date "1999.09.18"]
[Round "2"]
[White "Mathews, Jeff"]
[Black "Roth, Bruce"]
[Result "1-0"]
[WhiteElo "1527"]
[BlackElo "1507"]
[PlyCount "111"]
[EventDate "1999.09.18"]

1. e4 c6 2. Nc3 d5 3. Nf3 h6 4. exd5 cxd5 5. Bb5+ Nc6 6. d4 e6 7. Bf4 Bd6 8.
Ne5 Bd7 9. Nxf7 Kxf7 10. Bxd6 Nxd4 11. Qxd4 Bxb5 12. Qf4+ Nf6 13. Nxb5 Rc8 14.
Bc7 e5 15. Bxd8 exf4 16. Nd6+ Kg6 17. Bxf6 Rxc2 18. Bc3 b6 19. Rf1 Rd8 20. Kd1
Rxc3 21. bxc3 Rxd6 22. Kd2 Kf5 23. Rae1 g5 24. Re7 a6 25. Rfe1 b5 26. Kd3 h5
27. Kd4 h4 28. h3 g4 29. R7e5+ Kg6 30. Re6+ Rxe6 31. Rxe6+ Kf5 32. Re5+ Kf6 33.
hxg4 a5 34. f3 b4 35. cxb4 axb4 36. Rxd5 Ke6 37. Rh5 Kf6 38. Ke4 Kg6 39. Kxf4
Kf6 40. Ke4 Ke6 41. Rh6+ Kd7 42. Kd4 Ke7 43. Kc4 Kf7 44. Kxb4 Kg7 45. Rc6 Kf7
46. Kb5 Ke7 47. a4 Kd7 48. a5 Kd8 49. a6 Kd7 50. a7 h3 51. gxh3 Kd8 52. Rh6 Ke7
53. a8=Q Kf7 54. Qb7+ Kg8 55. Rc6 Kf8 56. Rc8# 1-0

[Event "Kalamazoo September Mini-Swiss.2"]
[Site "Kalamazoo, MI"]
[Date "1999.09.18"]
[Round "1"]
[White "Linklater, Erik"]
[Black "King, Anthony"]
[Result "1-0"]
[WhiteElo "1317"]
[BlackElo "1121"]
[PlyCount "123"]
[EventDate "1999.09.18"]

1. g3 d5 2. Bg2 Nf6 3. e3 e5 4. Nc3 Bb4 5. a3 Bxc3 6. bxc3 O-O 7. d3 Nc6 8. d4
exd4 9. cxd4 Re8 10. Nf3 Ne4 11. Bb2 Qe7 12. O-O Bg4 13. Qd3 Bxf3 14. Bxf3 Na5
15. Bc3 Nc4 16. Rfb1 Nxf2 17. Kxf2 Qxe3+ 18. Qxe3 Rxe3 19. Bb4 c6 20. Re1 Rae8
21. Re2 a5 22. Bxa5 Rxe2+ 23. Bxe2 Nxa5 24. Bd3 b6 25. a4 Nb7 26. Rb1 Nd6 27.
Rxb6 g6 28. h4 Ne4+ 29. Bxe4 Rxe4 30. a5 Rxd4 31. Rxc6 Rd2+ 32. Ke3 Rd1 33. a6
Ra1 34. Kd4 Ra5 35. Ke5 Kg7 36. Kd6 Kf6 37. Kc7+ Ke5 38. Kb7 f5 39. a7 f4 40.
gxf4+ Kxf4 41. a8=Q Rxa8 42. Kxa8 Kg4 43. Rd6 Kxh4 44. Rxd5 g5 45. c4 g4 46.
Rd3 g3 47. Rxg3 Kxg3 48. c5 h5 49. c6 h4 50. c7 h3 51. c8=Q h2 52. Qb7 Kf2 53.
Qh1 Kg3 54. Kb7 Kh3 55. Kc6 Kg3 56. Kc5 Kh3 57. Kd5 Kg3 58. Ke6 Kh3 59. Kf5 Kg3
60. Kg5 Kh3 61. Kf4 Kh4 62. Qxh2# 1-0

[Event "Kalamazoo September Mini-Swiss.2"]
[Site "Kalamazoo, MI"]
[Date "1999.09.18"]
[Round "2"]
[White "Linklater, Erik"]
[Black "Kilburn, Gregory"]
[Result "1-0"]
[WhiteElo "1317"]
[BlackElo "1049"]
[PlyCount "133"]
[EventDate "1999.09.18"]

1. g3 c5 2. e4 d6 3. Bg2 Nf6 4. d3 e6 5. Nd2 Be7 6. Ngf3 O-O 7. O-O Nc6 8. c3
b5 9. Re1 Bb7 10. Qb3 a6 11. c4 b4 12. a3 a5 13. a4 Ng4 14. Qc2 Nge5 15. Nb3
Nxf3+ 16. Bxf3 e5 17. Be3 Bc8 18. Bg2 Qc7 19. Nc1 Nd4 20. Bxd4 cxd4 21. Ne2 Bg4
22. b3 Rad8 23. h3 Bh5 24. g4 Bg6 25. Qd2 Bh4 26. Rf1 h6 27. f4 exf4 28. Nxf4
Bg5 29. Qf2 Bf6 30. Nd5 Qc5 31. Nxf6+ gxf6 32. Qxf6 Qe5 33. Qxe5 dxe5 34. Rf6
Rc8 35. h4 Kg7 36. g5 hxg5 37. hxg5 Rh8 38. Bf3 Bh5 39. Kg2 Bxf3+ 40. Kxf3 Rh3+
41. Ke2 Re3+ 42. Kd2 Rh8 43. Rh6 Rxh6 44. gxh6+ Kxh6 45. Rg1 Rh3 46. Ke2 Rh2+
47. Kf3 Rb2 48. Kg4 Rxb3 49. Rc1 Rc3 50. Rf1 Kg7 51. Rf5 f6 52. Rf1 b3 53. Rb1
Rxd3 54. c5 Rc3 55. c6 d3 56. Kf3 d2+ 57. Ke2 Rc1 58. Kxd2 Rxc6 59. Rxb3 Rc4
60. Rb5 Rxa4 61. Kd3 Rd4+ 62. Ke3 a4 63. Ra5 f5 64. Rxe5 fxe4 65. Kxd4 a3 66.
Rxe4 Kf6 67. Re2 1-0

[Event "Kalamazoo September Mini-Swiss.2"]
[Site "Kalamazoo, MI"]
[Date "1999.09.18"]
[Round "2"]
[White "Krzyston, Joe"]
[Black "Reist, Douglas"]
[Result "0-1"]
[WhiteElo "861"]
[BlackElo "1383"]
[PlyCount "78"]
[EventDate "1999.09.18"]

1. e4 c6 2. d4 d5 3. exd5 cxd5 4. Nf3 Nf6 5. Bg5 Nbd7 6. Nc3 h6 7. Bf4 e6 8.
Bd3 Be7 9. O-O O-O 10. Ne5 a6 11. Ng4 Nxg4 12. Qxg4 Nf6 13. Qf3 Bd7 14. Ne2 Nh7
15. Bxh7+ Kxh7 16. Ng3 Bg5 17. Be5 f6 18. Bd6 Rf7 19. Qd3+ g6 20. f4 Bb5 21.
Qa3 Bxf1 22. Kxf1 Bh4 23. Ne2 f5 24. Be5 Bf6 25. Qg3 Bxe5 26. fxe5 Rc8 27. c3
g5 28. h4 gxh4 29. Qe3 Qg8 30. Kf2 f4 31. Nxf4 Rxf4+ 32. Ke2 Qxg2+ 33. Kd3 Rf3
34. Qxf3 Qxf3+ 35. Kc2 Rc6 36. Rd1 Rb6 37. b3 Rc6 38. c4 Qe4+ 39. Rd3 dxc4 0-1

[Event "Kalamazoo September Mini-Swiss.2"]
[Site "Kalamazoo, MI"]
[Date "1999.09.18"]
[Round "2"]
[White "King, Anthony"]
[Black "Culver, Daniel"]
[Result "1-0"]
[WhiteElo "1121"]
[BlackElo "877"]
[PlyCount "43"]
[EventDate "1999.09.18"]

1. e4 c5 2. Nf3 d6 3. d4 cxd4 4. Nxd4 Nf6 5. Nc3 a6 6. Be2 Nc6 7. O-O Bd7 8. a4
Rc8 9. f4 Qb6 10. Be3 Qxb2 11. Nd5 Nxd4 12. Nxf6+ gxf6 13. Bxd4 Qxc2 14. Bd3
Qc7 15. f5 Rg8 16. Qb3 Qa5 17. Bc4 Rxc4 18. Qxc4 Bc6 19. Rab1 Bxe4 20. Bb6
Rxg2+ 21. Kh1 Qd5 22. Qc8# 1-0

[Event "Kalamazoo September Mini-Swiss.2"]
[Site "Kalamazoo, MI"]
[Date "1999.09.18"]
[Round "3"]
[White "Kilburn, Gregory"]
[Black "King, Anthony"]
[Result "0-1"]
[WhiteElo "1049"]
[BlackElo "1121"]
[PlyCount "70"]
[EventDate "1999.09.18"]

1. e4 c5 2. Nf3 d6 3. d3 Nf6 4. Be2 Nc6 5. c3 e6 6. Be3 Be7 7. O-O O-O 8. h3 e5
9. Qc2 d5 10. Rd1 d4 11. cxd4 cxd4 12. Bg5 h6 13. Bh4 Nh5 14. Bxe7 Qxe7 15. Kh2
g5 16. Ng1 Nf4 17. Bf1 Kh7 18. Ne2 Ng6 19. g4 Qf6 20. Ng3 Nf4 21. Nf5 Bxf5 22.
exf5 h5 23. f3 hxg4 24. fxg4 Kg7 25. Nd2 Rh8 26. Ne4 Qh6 27. Nf2 Rh7 28. Kg3
Rah8 29. Kf3 Nb4 30. Qb3 Qc6+ 31. Ne4 Rxh3+ 32. Bxh3 Rxh3+ 33. Kf2 Nbxd3+ 34.
Rxd3 Rxd3 35. Qb4 Qxe4 0-1

[Event "Kalamazoo September Mini-Swiss.2"]
[Site "Kalamazoo, MI"]
[Date "1999.09.18"]
[Round "1"]
[White "Kilburn, Gregory"]
[Black "Culver, Daniel"]
[Result "1-0"]
[WhiteElo "1049"]
[BlackElo "877"]
[PlyCount "101"]
[EventDate "1999.09.18"]

1. e4 a5 2. Nf3 b6 3. d4 d6 4. c4 c5 5. d5 Ra6 6. Nc3 Nd7 7. Bd3 Ngf6 8. O-O g6
9. b3 Bg7 10. Bb2 e5 11. dxe6 fxe6 12. Nb5 Nb8 13. Qc2 Nc6 14. Rae1 e5 15. h3
O-O 16. Nd2 Nb4 17. Qb1 Nxd3 18. Qxd3 Ne8 19. Nb1 Be6 20. N1c3 Ra8 21. Nd5 Rb8
22. Bc1 Rf7 23. f4 Nf6 24. f5 gxf5 25. exf5 Bd7 26. Nxd6 Rf8 27. g4 Nxd5 28.
Qxd5+ Kh8 29. Nf7+ Rxf7 30. Qxf7 Qh4 31. Kh2 Bc6 32. f6 Bf8 33. Qc7 Bf3 34.
Qxb8 Qxf6 35. Qxe5 Qxe5+ 36. Rxe5 Bd6 37. Bb2 Be2 38. Re1 Bf3 39. Kg3 Bc6 40.
Kf4 Kg8 41. Kg5 Bxe5 42. Rxe5 Kf7 43. Kh6 Bd7 44. Rg5 a4 45. Rg7+ Ke6 46. Rxd7
Kxd7 47. Kxh7 axb3 48. axb3 Kc6 49. g5 b5 50. g6 bxc4 51. bxc4 1-0

[Event "Kalamazoo September Mini-Swiss.1"]
[Site "Kalamazoo, MI"]
[Date "1999.09.18"]
[Round "2"]
[White "Griffin, John"]
[Black "Post, Robert"]
[Result "0-1"]
[WhiteElo "1525"]
[BlackElo "1599"]
[PlyCount "76"]
[EventDate "1999.09.18"]

1. d4 Nf6 2. c4 g6 3. Nc3 Bg7 4. e4 d6 5. Be2 O-O 6. Nf3 Nbd7 7. O-O e5 8. d5
Ne8 9. Be3 f5 10. exf5 gxf5 11. Bg5 Ndf6 12. Ne1 h6 13. Bh4 Qe7 14. f3 Qf7 15.
Qc2 Bd7 16. Nd3 Qh5 17. Bf2 f4 18. Ne1 Bf5 19. Bd3 Bxd3 20. Qxd3 Kh8 21. Rc1
Rg8 22. g3 Bf8 23. Ng2 fxg3 24. hxg3 Qh3 25. Ne4 Be7 26. Qe3 Nxe4 27. Qxe4 Bg5
28. Rc3 Nf6 29. Qe1 Nh5 30. f4 Bxf4 31. Nxf4 Nxf4 32. Qe4 Rg5 33. Re3 Rag8 34.
Qf3 h5 35. Be1 h4 36. Qh1 Qxh1+ 37. Kxh1 hxg3 38. Rg1 Rh5# 0-1

[Event "Kalamazoo September Mini-Swiss.1"]
[Site "Kalamazoo, MI"]
[Date "1999.09.18"]
[Round "1"]
[White "Franklin, Stan"]
[Black "Semerciyan, Mike"]
[Result "1/2-1/2"]
[WhiteElo "1631"]
[BlackElo "1865"]
[PlyCount "80"]
[EventDate "1999.09.18"]

1. e4 c5 2. Nf3 d6 3. h3 e5 4. Nc3 f5 5. Bc4 Nf6 6. d3 a6 7. a4 Nc6 8. Bg5 Be7
9. Bxf6 Bxf6 10. Nd5 Rb8 11. c3 b5 12. axb5 axb5 13. Bb3 fxe4 14. dxe4 c4 15.
Bc2 O-O 16. Qd2 Kh8 17. O-O Ne7 18. Rfd1 Nxd5 19. exd5 Be7 20. Ra7 Rf4 21. Qe3
Qf8 22. Rda1 Bb7 23. Be4 Rf7 24. Ng5 Bxg5 25. Qxg5 Rf4 26. f3 g6 27. R1a5 Qe8
28. Qh6 Kg8 29. h4 Rf7 30. h5 Rg7 31. hxg6 hxg6 32. R5a6 Rd8 33. Ra1 Qf7 34.
Kf2 Qf4 35. Qxf4 exf4 36. Rh1 Bc8 37. Rxg7+ Kxg7 38. Ra1 Bd7 39. Ra7 Kf6 40.
Ra6 Be8 1/2-1/2

[Event "Kalamazoo September Mini-Swiss.1"]
[Site "Kalamazoo, MI"]
[Date "1999.09.18"]
[Round "3"]
[White "Franklin, Stan"]
[Black "Roth, Bruce"]
[Result "1-0"]
[WhiteElo "1631"]
[BlackElo "1507"]
[PlyCount "93"]
[EventDate "1999.09.18"]

1. e4 c6 2. d4 d5 3. e5 Bf5 4. Nf3 h6 5. Nc3 e6 6. h3 Nd7 7. g4 Bh7 8. Be3 Rc8
9. Bd3 Bxd3 10. Qxd3 c5 11. h4 cxd4 12. Nxd4 Nxe5 13. Qe2 Nc6 14. f4 Bb4 15. g5
Nge7 16. gxh6 gxh6 17. Qh5 Bc5 18. Nxe6 Qd6 19. Nxc5 Rb8 20. O-O-O d4 21. N3e4
Qg6 22. Qxg6 Nxg6 23. Nf6+ Ke7 24. Nd5+ Kd6 25. Bxd4 Nxd4 26. Rxd4 Kxc5 27.
Rhd1 a5 28. h5 Nf8 29. Ne7 Ne6 30. Rd5+ Kb6 31. f5 Nf4 32. Rd6+ Kb5 33. b3 Rbe8
34. a4+ Kc5 35. f6 b5 36. Rc6+ Kb4 37. Kb2 bxa4 38. Rc4+ Kb5 39. Rxf4 axb3 40.
cxb3 Ka6 41. Rd6+ Kb7 42. Rc4 Rd8 43. Rcd4 Ra8 44. Rd7+ Kb6 45. R4d6+ Kc5 46.
Rc6+ Kb5 47. Rb7# 1-0

[Event "Kalamazoo September Mini-Swiss.1"]
[Site "Kalamazoo, MI"]
[Date "1999.09.18"]
[Round "3"]
[White "Evans Sr., Thomas"]
[Black "Mathews, Jeff"]
[Result "1-0"]
[WhiteElo "1863"]
[BlackElo "1527"]
[PlyCount "97"]
[EventDate "1999.09.18"]

1. e4 e5 2. Nf3 Nc6 3. Bc4 Nf6 4. Ng5 d5 5. exd5 Nd4 6. c3 b5 7. cxd4 bxc4 8.
dxe5 Qxd5 9. exf6 Qxg5 10. fxg7 Bxg7 11. Qf3 Qe5+ 12. Qe3 O-O 13. Qxe5 Bxe5 14.
Nc3 Bb7 15. O-O Kh8 16. b3 Rg8 17. g3 cxb3 18. axb3 h5 19. Ra5 f6 20. d4 Bxd4
21. Rxh5+ Kg7 22. Nb5 Bb6 23. Nc3 Rad8 24. Na4 Rd3 25. Nxb6 axb6 26. b4 Ra8 27.
Bf4 Rc8 28. Re1 Rd7 29. Rc1 Bd5 30. Rd1 Bc6 31. Rxd7+ Bxd7 32. f3 c5 33. bxc5
bxc5 34. Bd2 Ba4 35. Kf2 Bc2 36. Rd5 c4 37. Bc3 Rc6 38. g4 Kg6 39. h4 Re6 40.
h5+ Kg7 41. f4 Bh7 42. f5 Rc6 43. Rd7+ Kg8 44. Ke3 Ra6 45. Kf4 Ra3 46. Bxf6 c3
47. Rg7+ Kf8 48. Rxh7 c2 49. Rc7 1-0

[Event "Kalamazoo September Mini-Swiss.1"]
[Site "Kalamazoo, MI"]
[Date "1999.09.18"]
[Round "2"]
[White "Dorrington, Eldon"]
[Black "Miller, David"]
[Result "1-0"]
[WhiteElo "1666"]
[BlackElo "1755"]
[PlyCount "89"]
[EventDate "1999.09.18"]

1. d4 Nf6 2. Bg5 e6 3. f3 c5 4. d5 h6 5. Bxf6 Qxf6 6. Nc3 exd5 7. Qxd5 Nc6 8.
e4 Nd4 9. O-O-O a6 10. Nge2 Nxe2+ 11. Nxe2 d6 12. f4 Be7 13. g3 O-O 14. Nc3 Rb8
15. Qd2 b5 16. Nd5 Qe6 17. Nxe7+ Qxe7 18. Qxd6 Qxe4 19. Bd3 Qe3+ 20. Kb1 Be6
21. Rhe1 Rfd8 22. Rxe3 Rxd6 23. Bh7+ Kxh7 24. Rxd6 Re8 25. Kc1 a5 26. f5 Bd7
27. Rxe8 Bxe8 28. Kd2 Kg8 29. Ke3 Kf8 30. Kf4 Ke7 31. Rd2 g6 32. Re2+ Kd7 33.
f6 g5+ 34. Ke5 Kc6 35. Rd2 b4 36. Rd8 Bd7 37. Rxd7 Kxd7 38. Kd5 h5 39. c4 a4
40. Kxc5 Ke6 41. Kb6 Kxf6 42. c5 Ke7 43. Kb7 f5 44. c6 f4 45. c7 1-0

[Event "Kalamazoo September Mini-Swiss.2"]
[Site "Kalamazoo, MI"]
[Date "1999.09.18"]
[Round "3"]
[White "Culver, Daniel"]
[Black "Krzyston, Joe"]
[Result "1-0"]
[WhiteElo "877"]
[BlackElo "861"]
[PlyCount "85"]
[EventDate "1999.09.18"]

1. e4 c5 2. Nf3 Nf6 3. e5 Nd5 4. d4 e6 5. Bc4 Nb6 6. Bg5 Be7 7. Bxe7 Qxe7 8.
Bb5 a6 9. dxc5 axb5 10. cxb6 Qb4+ 11. Nbd2 Qxb2 12. O-O Nc6 13. Ne4 O-O 14. Nd6
f6 15. exf6 Qxf6 16. Re1 Ra3 17. Nxb5 Ra4 18. Nd6 Nd4 19. c4 Nxf3+ 20. gxf3 Ra3
21. Nxc8 Rxc8 22. Qxd7 Rf8 23. Qxe6+ Qxe6 24. Rxe6 Raxf3 25. Rf1 Ra3 26. Re2
Rc3 27. Re4 Rc2 28. a3 Rb2 29. c5 Rf7 30. Re8+ Rf8 31. Re7 Rb8 32. Rd1 Rc2 33.
Rdd7 Rxc5 34. Rxg7+ Kh8 35. Rxh7+ Kg8 36. Rdg7+ Kf8 37. Rg4 Re8 38. Rh8+ Kf7
39. Rf4+ Ke7 40. Re4+ Kd7 41. Rhxe8 Rc6 42. R4e7+ Kd6 43. Rxb7 1-0

[Event "Dr. Evil's Mini-Swiss.1"]
[Site "Flint, MI"]
[Date "1999.10.02"]
[Round "3.1"]
[White "Morris, Jewell"]
[Black "Aldrich, Jeff"]
[Result "1-0"]
[WhiteElo "1864"]
[BlackElo "1934"]
[PlyCount "105"]
[EventDate "1999.10.02"]

1. d4 d5 2. c4 c6 3. e3 Nf6 4. Nc3 e6 5. Nf3 Nbd7 6. Bd3 dxc4 7. Bxc4 b5 8. Bd3
Bb7 9. e4 a6 10. e5 Nd5 11. Nxd5 exd5 12. Ng5 Bb4+ 13. Kf1 Qe7 14. e6 fxe6 15.
Qh5+ Kf8 16. Nxh7+ Kg8 17. Bg5 Nf6 18. Nxf6+ gxf6 19. Bh6 Rxh6 20. Qxh6 c5 21.
h4 c4 22. Rh3 Bd6 23. f4 Qg7 24. Qxg7+ Kxg7 25. Rg3+ Kf7 26. Bg6+ Kf8 27. h5
Bxf4 28. Rf3 Bg5 29. h6 Bxh6 30. Rxf6+ Kg7 31. Rxe6 Rf8+ 32. Ke2 Bc8 33. Rc6
Bg4+ 34. Ke1 Bf4 35. Rxa6 Bg3+ 36. Kd2 b4 37. Rh1 Rf2+ 38. Kc1 Bf4+ 39. Kb1 Bh6
40. Bc2 Rxc2 41. Rhxh6 Bf5 42. Rag6+ Bxg6 43. Rxg6+ Kxg6 44. Kxc2 Kf5 45. a4
Ke4 46. g4 Kxd4 47. g5 Ke3 48. Kd1 Kd3 49. g6 b3 50. g7 c3 51. g8=Q cxb2 52.
Qg6+ Kc3 53. Qb1 1-0

[Event "Dr. Evil's Mini-Swiss.1"]
[Site "Flint, MI"]
[Date "1999.10.02"]
[Round "1.1"]
[White "Jointer, William"]
[Black "Aldrich, Jeff"]
[Result "0-1"]
[WhiteElo "1600"]
[BlackElo "1934"]
[PlyCount "70"]
[EventDate "1999.10.02"]

1. d4 d5 2. e4 dxe4 3. Nc3 Nf6 4. f3 exf3 5. Nxf3 Bg4 6. Bd3 e6 7. O-O Nbd7 8.
Qe1 c6 9. Bg5 Be7 10. Qh4 Bxf3 11. Rxf3 Qc7 12. Raf1 O-O-O 13. Na4 h6 14. Bd2
Bd6 15. c4 c5 16. b4 g5 17. Qe1 Bxh2+ 18. Kh1 Nh5 19. bxc5 Ng3+ 20. Rxg3 Bxg3
21. Qb1 Nb8 22. Bc3 Nc6 23. d5 exd5 24. Bxh8 Rxh8 25. cxd5 Ne5 26. Bf5+ Kd8 27.
d6 Qc6 28. Qb3 Bf4 29. Re1 Re8 30. d7 Re7 31. Be4 Qe6 32. Qxb7 Qxd7 33. Qb8+
Qc8 34. Rd1+ Rd7 35. Rxd7+ Nxd7 $138 0-1

[Event "Dr. Evil's Mini-Swiss.1"]
[Site "Flint, MI"]
[Date "1999.10.02"]
[Round "2.1"]
[White "Aldrich, Jeff"]
[Black "Hazzard, Bill"]
[Result "1-0"]
[WhiteElo "1934"]
[BlackElo "1719"]
[PlyCount "53"]
[EventDate "1999.10.02"]

1. d4 f5 2. e4 fxe4 3. Nc3 Nf6 4. g4 h6 5. f4 d5 6. Be2 e5 7. g5 exf4 8. gxf6
Qxf6 9. h4 c6 10. Bh5+ Kd8 11. Qe2 Bd6 12. Bd2 g6 13. Bg4 Bxg4 14. Qxg4 Re8 15.
O-O-O Nd7 16. Kb1 Nf8 17. Rf1 Ne6 18. Nh3 e3 19. Bxe3 g5 20. hxg5 hxg5 21. Bc1
Kc7 22. Nf2 Rh8 23. Ne2 Rh4 24. Rxh4 gxh4 25. Nh3 Re8 26. Nexf4 Nxf4 27. Nxf4
$138 1-0

[Event "Kalamazoo October Action Quads.4"]
[Site "Kalamazoo, MI"]
[Date "1999.10.16"]
[Round "2"]
[White "Worden, Brad"]
[Black "Tuzeneu, Jim"]
[Result "1-0"]
[WhiteElo "1017"]
[BlackElo "827"]
[PlyCount "87"]
[EventDate "1999.10.16"]

1. e4 Nf6 2. e5 Nd5 3. c4 Nb6 4. b3 Nc6 5. Bb2 d6 6. exd6 Qxd6 7. Nf3 Bg4 8.
Be2 O-O-O 9. O-O f6 10. h3 Bd7 11. Bc3 e5 12. g3 Bxh3 13. Re1 e4 14. Nh2 Qc5
15. Bg4+ Bxg4 16. Nxg4 Re8 17. Ne3 Qh5 18. Qxh5 Re6 19. Qh3 Nd8 20. Bd4 Bd6 21.
Nc3 Kb8 22. f4 g6 23. Qg2 c5 24. Bxf6 Rf8 25. Bxd8 Rxd8 26. Nxe4 Bc7 27. Rad1
Nd7 28. Nd5 Ba5 29. Re2 Rf8 30. Kf1 Rfe8 31. d3 h5 32. Rc1 Rg8 33. Qh3 Rge8 34.
g4 Nb6 35. gxh5 gxh5 36. Qxh5 Rg8 37. Qf7 Reg6 38. Ng5 Nxd5 39. Qxd5 Rf8 40.
Qe4 Bd8 41. Qxg6 Rxf4+ 42. Kg2 a6 43. Qd6+ Kc8 44. Qxf4 1-0

[Event "Kalamazoo October Action Quads.4"]
[Site "Kalamazoo, MI"]
[Date "1999.10.16"]
[Round "3"]
[White "Tuzeneu, Jim"]
[Black "Cahill, David"]
[Result "0-1"]
[WhiteElo "827"]
[BlackElo "1284"]
[PlyCount "52"]
[EventDate "1999.10.16"]

1. e4 c5 2. Nf3 d6 3. Bc4 Nc6 4. Ng5 e6 5. Nf3 Nf6 6. Nc3 d5 7. exd5 exd5 8.
Nxd5 Nxd5 9. d3 Be7 10. a3 O-O 11. O-O Nb6 12. Bb3 Bg4 13. Qe2 Nd4 14. Qe4 Bxf3
15. gxf3 Nxb3 16. cxb3 Qd7 17. Bf4 Rfe8 18. Be5 Bd6 19. d4 cxd4 20. Qxd4 Bxe5
21. Qc5 Qh3 22. Rfe1 Bxh2+ 23. Kh1 Bd6+ 24. Kg1 Qh2+ 25. Kf1 Bxc5 26. Re2 Qh1#
0-1

[Event "Kalamazoo October Action Quads.4"]
[Site "Kalamazoo, MI"]
[Date "1999.10.16"]
[Round "1"]
[White "Tuzeneu, Jim"]
[Black "Aerts, Eric"]
[Result "1-0"]
[WhiteElo "827"]
[BlackElo "484"]
[PlyCount "37"]
[EventDate "1999.10.16"]

1. e4 e5 2. Nf3 c6 3. Nxe5 Qa5 4. Nc4 Qc5 5. d4 b5 6. dxc5 Bxc5 7. Ne5 Nh6 8.
Be2 g6 9. Bxh6 d6 10. Nd3 Bb6 11. Bg5 f6 12. Bxf6 Rf8 13. Bh4 Rf4 14. Nxf4 Ba5+
15. Nd2 Na6 16. O-O Bxd2 17. Qxd2 Nc5 18. Qxd6 Nxe4 19. Qe7# 1-0

[Event "Kalamazoo October Action Quads.2"]
[Site "Kalamazoo, MI"]
[Date "1999.10.16"]
[Round "3"]
[White "Stewart, Charles"]
[Black "Kilburn, Gregory"]
[Result "1-0"]
[WhiteElo "1442"]
[BlackElo "1202"]
[PlyCount "54"]
[EventDate "1999.10.16"]

1. d4 e6 2. Nf3 d5 3. Bf4 c5 4. c3 Nc6 5. Qb3 c4 6. Qc2 Nf6 7. h3 h6 8. e3 Be7
9. Be2 O-O 10. O-O a5 11. Nbd2 b5 12. a3 Bb7 13. Ne5 Nxe5 14. Bxe5 Ne4 15. Nf3
f5 16. Bh2 Bd6 17. Ne5 Bxe5 18. Bxe5 Nf6 19. Bh2 Nd7 20. Bd6 Rf7 21. Bh5 Rf6
22. Qe2 g6 23. Bf3 Qe8 24. Bh2 e5 25. g3 e4 26. Bg2 Bc6 27. f4 Nf8 1-0

[Event "Kalamazoo October Action Quads.2"]
[Site "Kalamazoo, MI"]
[Date "1999.10.16"]
[Round "2"]
[White "Stewart, Charles"]
[Black "Henkel, Scott"]
[Result "1-0"]
[WhiteElo "1442"]
[BlackElo "1319"]
[PlyCount "77"]
[EventDate "1999.10.16"]

1. d4 d6 2. Nf3 Nf6 3. Bf4 g6 4. Qc1 Bg4 5. Nbd2 Bg7 6. c3 O-O 7. h3 Bxf3 8.
Nxf3 Nbd7 9. Bh6 c5 10. Bxg7 Kxg7 11. e3 cxd4 12. Nxd4 Ne5 13. Be2 a6 14. O-O
b5 15. Nf3 d5 16. Nxe5 Qd6 17. Nf3 e5 18. Qd1 h5 19. Nh2 Ne4 20. Bf3 f5 21.
Bxe4 fxe4 22. Qe2 Rf6 23. Rad1 Raf8 24. Qd2 Rd8 25. Qc2 Kh6 26. Rd2 Rff8 27.
Qd1 Qf6 28. a3 g5 29. Rxd5 Qg6 30. Rxd8 Qf5 31. Rxf8 Qxf8 32. Qe2 Qf5 33. Rd1
g4 34. hxg4 hxg4 35. Rd8 g3 36. Nf1 gxf2+ 37. Qxf2 Qxf2+ 38. Kxf2 Kh5 39. Re8
1-0

[Event "Kalamazoo October Action Quads.3"]
[Site "Kalamazoo, MI"]
[Date "1999.10.16"]
[Round "3"]
[White "Smith, Adam"]
[Black "Jacobi, Teddy"]
[Result "0-1"]
[WhiteElo "818"]
[BlackElo "1119"]
[PlyCount "68"]
[EventDate "1999.10.16"]

1. e4 e5 2. Nf3 Nc6 3. Bb5 a6 4. Ba4 Nf6 5. O-O b5 6. Bb3 Bc5 7. Re1 O-O 8. c3
Bb6 9. d4 d6 10. Be3 Bg4 11. Nbd2 exd4 12. cxd4 Bxd4 13. Bxd4 Nxd4 14. Rb1
Nxf3+ 15. Nxf3 Re8 16. Qd3 c5 17. Bd5 Nxd5 18. exd5 Rxe1+ 19. Rxe1 Qf6 20. Re3
Bxf3 21. gxf3 Qxb2 22. Qe2 Qxe2 23. Rxe2 Kf8 24. Kf1 Re8 25. Re4 Rxe4 26. fxe4
Ke7 27. Ke1 Kf6 28. Ke2 Ke5 29. Ke3 f5 30. f4+ Kf6 31. h3 a5 32. Kd3 a4 33. a3
b4 34. axb4 cxb4 0-1

[Event "Kalamazoo October Action Quads.3"]
[Site "Kalamazoo, MI"]
[Date "1999.10.16"]
[Round "1"]
[White "Smith, Adam"]
[Black "Culver, Daniel"]
[Result "1-0"]
[WhiteElo "818"]
[BlackElo "551"]
[PlyCount "47"]
[EventDate "1999.10.16"]

1. e4 c5 2. Nf3 d6 3. d4 cxd4 4. Nxd4 Nf6 5. Nc3 g6 6. Be3 Bg7 7. f3 O-O 8. Bc4
Nc6 9. Bb3 Bd7 10. Qd2 Qa5 11. h4 Nxd4 12. Bxd4 e5 13. Be3 b5 14. O-O-O b4 15.
Nd5 Rfe8 16. Nxb4 Rac8 17. h5 Nxh5 18. g4 Nf4 19. Bxf4 exf4 20. Qxd6 Ba4 21.
Qd5 Qxb4 22. Qxf7+ Kh8 23. Rxh7+ Kxh7 24. Rh1# 1-0

[Event "Kalamazoo October Action Quads.2"]
[Site "Kalamazoo, MI"]
[Date "1999.10.16"]
[Round "1"]
[White "Kizer, Gerald"]
[Black "Stewart, Charles"]
[Result "1/2-1/2"]
[WhiteElo "1468"]
[BlackElo "1442"]
[PlyCount "57"]
[EventDate "1999.10.16"]

1. e4 c6 2. d4 d5 3. Nd2 dxe4 4. Nxe4 Bf5 5. Ng3 Nf6 6. Nxf5 Qa5+ 7. c3 Qxf5 8.
Nf3 Qd5 9. c4 Qd8 10. Be2 e6 11. O-O Bd6 12. Bg5 h6 13. Be3 O-O 14. Qc2 Nbd7
15. Rac1 Qb8 16. h3 a6 17. a3 Kh8 18. b4 Bf4 19. Qd2 Bxe3 20. Qxe3 Qd6 21. Ne5
Qc7 22. f4 Qb6 23. g4 Rad8 24. g5 hxg5 25. fxg5 Nxe5 26. gxf6 Qxd4 27. Qxd4
Rxd4 28. fxg7+ Kxg7 29. Kh1 1/2-1/2

[Event "Kalamazoo October Action Quads.2"]
[Site "Kalamazoo, MI"]
[Date "1999.10.16"]
[Round "2"]
[White "Kilburn, Gregory"]
[Black "Kizer, Gerald"]
[Result "0-1"]
[WhiteElo "1202"]
[BlackElo "1468"]
[PlyCount "70"]
[EventDate "1999.10.16"]

1. e4 e6 2. Nf3 d5 3. exd5 exd5 4. d4 Nf6 5. Nc3 c6 6. Bd3 Be6 7. O-O Be7 8.
Be3 O-O 9. Ne2 Ng4 10. Bd2 Bd6 11. Nf4 Qc7 12. g3 Nd7 13. Re1 Rae8 14. Nxe6
fxe6 15. Ng5 Nxf2 16. Qh5 h6 17. Bh7+ Kh8 18. Nxe6 Nf6 19. Nxc7 Rxe1+ 20. Rxe1
Nxh5 21. Ne6 Rf6 22. Nf4 Nxf4 23. Bxf4 Nh3+ 24. Kg2 Nxf4+ 25. gxf4 Kxh7 26. Kg3
Bxf4+ 27. Kg2 Bd6 28. Re2 g5 29. Kh1 h5 30. Rg2 Kh6 31. c3 h4 32. b3 h3 33. Rg1
Rf2 34. Rg3 Bxg3 35. hxg3 Kh5 0-1

[Event "Kalamazoo October Action Quads.3"]
[Site "Kalamazoo, MI"]
[Date "1999.10.16"]
[Round "1"]
[White "Jacobi, Teddy"]
[Black "Jacobi, Mark"]
[Result "1-0"]
[WhiteElo "1119"]
[BlackElo "1051"]
[PlyCount "103"]
[EventDate "1999.10.16"]

1. e4 e5 2. Nf3 Nf6 3. Nxe5 Qe7 4. Nf3 Nxe4 5. Qe2 Nf6 6. Qxe7+ Bxe7 7. Nc3 O-O
8. Bc4 Nc6 9. O-O d6 10. Re1 Re8 11. Ng5 d5 12. Nxd5 Nxd5 13. Bxd5 Be6 14. Bxc6
bxc6 15. Nxe6 fxe6 16. Rxe6 Bf6 17. Rxe8+ Rxe8 18. Kf1 Rb8 19. c3 c5 20. d3 Rd8
21. Be3 Rxd3 22. Bxc5 a6 23. Ke2 Rd5 24. Be3 Kf7 25. Rd1 Re5 26. Rd7+ Re7 27.
Rxe7+ Kxe7 28. Bc5+ Kd7 29. g4 g6 30. h3 Kc6 31. Bb4 Kd5 32. Ke3 Kc4 33. b3+
Kb5 34. Kd3 Bh4 35. f3 c5 36. Ba3 a5 37. c4+ Kc6 38. Ke4 Bf6 39. f4 h6 40. f5
gxf5+ 41. Kxf5 Bg5 42. Bb2 Kd6 43. Bg7 Ke7 44. Kg6 Bc1 45. Bxh6 Bxh6 46. Kxh6
Kf7 47. g5 Kg8 48. h4 Kh8 49. h5 Kg8 50. Kg6 Kh8 51. Kf7 Kh7 52. g6+ 1-0